Guía marítima de Chile: 1923 - 1924
Gorde:
| Egile nagusia: | |
|---|---|
| Formatua: | Liburua |
| Hizkuntza: | gaztelania |
| Argitaratua: |
Valparaíso
s.n
1922
|
| Saila: | Manuales de Derecho, Economía y Hacienda
|
| Gaiak: | |
| Etiketak: |
Etiketa erantsi
Etiketarik gabe, Izan zaitez lehena erregistro honi etiketa jartzen!
|
MARC
| LEADER | 00000nam a2200000 a 4500 | ||
|---|---|---|---|
| 001 | UCS1646 | ||
| 003 | CL-VaPUC | ||
| 008 | 970515e19220000cl |||||||||||||||||spa|d | ||
| 082 | 0 | 4 | |a 387.51 |b SWE |2 21 |
| 100 | 0 | |a Swett O., Ricardo |e author |9 386294 | |
| 245 | 1 | 0 | |a Guía marítima de Chile: 1923 - 1924 |
| 300 | |a 1323 p | ||
| 942 | |c BK | ||
| 945 | |d 19970515 00:00:00 |a cmena | ||
| 260 | |a Valparaíso |b s.n |c 1922 | ||
| 650 | 0 | |a Transporte marítimo |9 260127 | |
| 650 | 0 | |a Marina mercante |9 255383 | |
| 650 | 0 | |a Aspectos económicos |9 255165 | |
| 650 | 0 | |a Derecho comercial |9 256340 | |
| 650 | 0 | |a Puertos |9 260105 | |
| 650 | 0 | |a Barcos |9 260866 | |
| 651 | 7 | |a CHILE |2 CL-VaPUC |9 386295 | |
| 583 | |a last modification |c 20171228 05:20:35 |k Rodrigo Vera | ||
| 490 | 0 | |a Manuales de Derecho, Economía y Hacienda | |
| 999 | |c 259682 |d 259680 | ||
| 952 | |0 0 |1 0 |4 0 |6 387_510000000000000_SWE_1922 |7 0 |8 X |9 284907 |a BIBDER |b BIBDER |d 2019-11-19 |i 1854151 |o 387.51 SWE 1922 |p 1854151 |r 2023-01-25 |w 2019-11-19 |y BK_X |k DER | ||